01135nam a2200349 i 450000100060000000300090000600500170001500800410003202000150007304000360008804100070012408000080013108000120013924500890015126000270024030000360026733600270030333700540033033800280038438000160041238000270042838500390045538800140049438800140050850400260052265800300054865500300057865000160060865000180062470000450064285600980068733024KOSZ 00520200418132956.0931010s1993 pl f f |000 0 pol d a8370174701 cKOSZ 005aKOSZ 005dKOSZ 005/HR0 apl a005 a(075.8)00aOrganizacja i zarządzanie /cAlfred Czermiński [et al.] ; Uniwersytet Gdański. aGdańsk :bUG,c1993. a184 s. :brys., wykr. ;c24 cm. 2rdacontentaTekstbtxt 2rdamediaaBez urządzenia pośredniczącegobn 2rdacarrieraWoluminbnc aKsiążki aPublikacje dydaktyczne mPoziom nauczaniaaSzkoły wyższe a1901-2000 a1989-2000 aBibliogr. przy rozdz. aZarządzanie i marketing aPodręczniki akademickie 4aOrganizacja 4aZarządzanie1 aCzermiński, Alfredd(1923-2011)eAutor uhttp://koha.tu.koszalin.pl/cgi-bin/koha/opac-detail.pl?biblionumber=33024yKatalog online BPK